Biggest Economies A-Z - Statistics

General Stats
  • This quiz has been taken 167 times
    152 since last reset
  • The average score is 20 of 24
Answer Stats
Letter GDP Country % Correct
U 30,507 bil United States
99%
C 40,716 bil China
98%
F 4,504 bil France
97%
J 6,741 bil Japan
96%
G 6,161 bil Germany
95%
Y 67 bil Yemen
95%
D 534 bil Denmark
94%
I 17,647 bil India
94%
O 231 bil Oman
94%
Q 378 bil Qatar
93%
R 7,192 bil Russia
92%
Z 98 bil Zambia
92%
B 4,958 bil Brazil
90%
A 1,980 bil Australia
86%
H 464 bil Hungary
83%
V 1,786 bil Vietnam
81%
T 3,652 bil Turkey
80%
M 3,396 bil Mexico
77%
P 2,018 bil Poland
76%
S 3,365 bil South Korea
71%
K 904 bil Kazakhstan
70%
E 2,372 bil Egypt
68%
N 1,585 bil Nigeria
68%
L 165 bil Lithuania
59%
No matching quizzes found
Score Distribution
Percent of People with Each Score
Percentile by Number Answered
Your Score History
You have not taken this quiz since the last reset